Racionalizácia v cestnej doprave racionalizácia a inovácia v podmienkach uplatňovania nového hospodárskeho mechanizmu : zborník prednášok : Liptovský Ján, 6.-8. decembra 1988

Uložené v:
Podrobná bibliografia
Médium: Kniha
Jazyk:Slovak
Vydavateľské údaje: Žilina Dom techn. ČSVTS 1988
Vydanie:1. vyd.
Tagy: Pridať tag
Žiadne tagy, Buďte prvý, kto otaguje tento záznam!

MARC

LEADER 00000nam a2200000 4500
001 c033658
005 20221219092158.6
041 0 |a slo 
044 |a SK 
245 1 0 |a Racionalizácia v cestnej doprave  |b racionalizácia a inovácia v podmienkach uplatňovania nového hospodárskeho mechanizmu : zborník prednášok : Liptovský Ján, 6.-8. decembra 1988 
250 |a 1. vyd. 
264 1 |a Žilina  |b Dom techn. ČSVTS  |c 1988 
300 |a 236 s.